000
00286nam a22000977a 4500
999
_c
515348
_d
515348
082
_a
TNC AB45 R116
100
_a
Sachchidananda, Ganapati
_9
20742
245
_a
The mystic dattatreya tradition
_c
by Ganapati Sachchidananda
260
_a
Mumbai
_b
Ganapati Sachchidananda
_c
2000
300
_a
69p.